000 00646nam a2200241Ia 4500
003 OSt
005 20221006145320.0
006 a|||||r|||| 00| 0
007 ta
008 221006b |||||||| |||| 00| 0 eng d
020 _c
_4.50 (each)
024 _a14,426
037 _cTextual
040 _aEASL
_cEASL
_beng
041 _2eng
_aeng
082 _aO41:g, K5-;1
100 _aBISHOP John L. Ed.
245 0 _aStudies in Chinese literature
260 _aCambridge
_bHarvard University Press
_c1965
300 _a245p. (each)
_ccm.
942 _hO41:g, K5-;1
_cTEXL
_2CC
999 _c1082512
_d1082512